|
|
|
|
| LEADER |
00000nam a22000007a 4500 |
| 005 |
20151109131532.0 |
| 007 |
cr|||| ||u| |
| 008 |
151109s19922009-uszn||os|||| 0|||a1eng d |
| 022 |
|
|
|a 0883-8151
|
| 035 |
|
|
|a 2861
|
| 040 |
|
|
|a vLex
|
| 090 |
|
|
|c 5689
|d 5689
|
| 245 |
1 |
0 |
|a Journal of Broadcasting & Electronic Media
|h [Recurso electrn̤ico] /
|c Broadcast Education Association
|
| 256 |
|
|
|a Servicio en ln̕ea
|
| 260 |
|
|
|a Estados Unidos
|b Broadcast Education Association
|c 1992-2009
|
| 300 |
|
|
|a 1 recurso electrn̤ico
|
| 310 |
|
|
|a Irregular
|
| 506 |
1 |
|
|a Contenido solo disponible en los productos indicados
|d vLex Global
|d vLex Global (Academic Edition, excluding Law Schools)
|d vLex Global (U.S. Academic Edition, Law Schools)
|d vLex Global (U.S. Academic Edition, excluding Law Schools)
|d vLex Global (Academic Edition, Law Schools)
|
| 650 |
0 |
4 |
|a Medios de comunicacin̤ de masa
|z Estados Unidos
|
| 740 |
0 |
|
|a vLex revista (servicio en ln̕ea)
|
| 856 |
4 |
0 |
|u http://vlex.com/source/journal-broadcasting-electronic-media-2861
|z Acceso restringido
|
| 942 |
|
|
|c REV
|
| 999 |
0 |
|
|a Mass media
|